000
00296nam a22001217a 4500
020
_a
0-07-026681-6
082
_a
668.40202 HAN'H
100
_a
HARPER, C.A
_9
74944
245
_a
HANDBOOK OF PLASTICS AND ELATOMER'S
260
_a
NEWYORK
_b
MCGRAW HILL
_c
1975
300
_a
VII, 12-40P
942
_c
BK
999
_c
580447
_d
580447